[Event "USCL Philadelphia vs New Jersey"]
[Site "Internet Chess Club"]
[Date "2010.08.23"]
[Round "1"]
[White "Gulko, Boris"]
[Black "Bartell, Tom"]
[Result "0-1"]
[WhiteElo "2587"]
[BlackElo "2429"]
[PlyCount "110"]
[EventDate "2010.??.??"]

1. d4 Nf6 2. c4 e6 3. Nc3 Bb4 4. e3 O-O 5. Bd3 d5 6. a3 Bxc3+ 7. bxc3 dxc4 8.
Bxc4 c5 9. Nf3 Qa5 10. Bd2 Qc7 11. Bd3 b6 12. e4 Ba6 13. Bxa6 Nxa6 14. e5 Ne4
15. O-O Rfd8 16. Bg5 Nxg5 17. Nxg5 h6 18. Ne4 cxd4 19. cxd4 Qd7 20. Nd6 Nc7 21.
Qg4 Nb5 22. Nxb5 Qxb5 23. h4 Qb2 24. Rad1 Qxa3 25. Rfe1 Qf8 26. f4 Rd5 27. f5
exf5 28. Qxf5 Rad8 29. Qg4 Qe7 30. e6 fxe6 31. Rxe6 Qd7 32. Kh1 Rd6 33. Rde1
Rxd4 34. R1e4 Rxe4 35. Qxe4 Rf8 36. Re7 Qd6 37. Kg1 Qf4 38. Qe6+ Kh7 39. Rxa7
Qd4+ 40. Kh2 Qxh4+ 41. Kg1 Qf2+ 42. Kh2 Rf4 43. Ra3 Rh4+ 44. Rh3 Qf4+ 45. Kh1
Rxh3+ 46. Qxh3 Qc1+ 47. Kh2 Qb1 48. g4 b5 49. Qe3 Qc2+ 50. Kh1 b4 51. g5 b3 52.
Qb6 hxg5 53. Qe6 Qd3 54. Qg4 Qf1+ 55. Kh2 Qf4+ 0-1

[Event "USCL New York vs Boston"]
[Site "Internet Chess Club"]
[Date "2010.08.23"]
[Round "1"]
[White "Getz, Alec"]
[Black "Martirosov, Vadim"]
[Result "1-0"]
[WhiteElo "2377"]
[BlackElo "2248"]
[PlyCount "75"]
[EventDate "2010.??.??"]

1. d4 d5 2. c4 e6 3. Nf3 Nf6 4. g3 Bb4+ 5. Bd2 Be7 6. Bg2 O-O 7. O-O c6 8. Qc2
b6 9. Rd1 Bb7 10. Nc3 Na6 11. a3 Rc8 12. Bf4 dxc4 13. Ne5 Nd5 14. Nxc4 Nxf4 15.
gxf4 Nc7 16. e3 Nd5 17. Rac1 Rc7 18. Ne5 Bd6 19. Ne4 f6 20. Nxd6 Qxd6 21. Nc4
Qe7 22. b4 Rfc8 23. f5 Kh8 24. fxe6 Qxe6 25. Qe4 Qd7 26. Qh4 Rd8 27. e4 Ne7 28.
Qg3 Nc8 29. e5 Ba6 30. Ne3 Ne7 31. d5 Nf5 32. Nxf5 Qxf5 33. exf6 Rf7 34. dxc6
Rxd1+ 35. Rxd1 Qxf6 36. Qb8+ Rf8 37. Qxf8+ Qxf8 38. c7 1-0

[Event "USCL Philadelphia vs New Jersey"]
[Site "Internet Chess Club"]
[Date "2010.08.23"]
[Round "1"]
[White "Smith, Bryan"]
[Black "Benjamin, Joel"]
[Result "0-1"]
[WhiteElo "2572"]
[BlackElo "2614"]
[PlyCount "62"]
[EventDate "2010.??.??"]

1. e4 c6 2. d4 d5 3. e5 c5 4. dxc5 Nc6 5. Nf3 Bg4 6. Bb5 Qa5+ 7. Nc3 e6 8. Be3
Nge7 9. a3 O-O-O 10. Bxc6 Nxc6 11. b4 Bxf3 12. gxf3 Qa6 13. Bd4 Qc4 14. Ne2 g5
15. Rg1 Rg8 16. Qd2 Bg7 17. Rxg5 Nxd4 18. Nxd4 Bxe5 19. Rxg8 Rxg8 20. O-O-O Qa2
21. c3 Qxa3+ 22. Kb1 a5 23. Rc1 Kd7 24. Qd3 Bxd4 25. Qxd4 Qb3+ 26. Ka1 axb4 27.
c6+ bxc6 28. Qa7+ Kd6 29. cxb4 Qxb4 30. Qa6 Qd4+ 31. Ka2 Qxf2+ 0-1

[Event "USCL New York vs Boston"]
[Site "Internet Chess Club"]
[Date "2010.08.23"]
[Round "1"]
[White "Krasik, Ilya"]
[Black "Ostrovskiy, Aleksandr"]
[Result "0-1"]
[WhiteElo "2253"]
[BlackElo "2289"]
[PlyCount "89"]
[EventDate "2010.??.??"]

1. d4 d5 2. c4 c6 3. cxd5 cxd5 4. Nc3 Nf6 5. Bf4 Nc6 6. e3 a6 7. Bd3 Bg4 8. f3
Bh5 9. g4 Bg6 10. h4 Bxd3 11. Qxd3 e6 12. Nge2 Nd7 13. Bg3 b5 14. Rc1 Rc8 15.
Kf2 Nb6 16. a4 Nc4 17. Qb1 b4 18. Ne4 N6a5 19. Ng5 h6 20. b3 hxg5 21. bxc4 gxh4
22. Be5 Nxc4 23. Qd3 a5 24. Nf4 Rh6 25. g5 Qxg5 26. Rhg1 Qe7 27. Bxg7 Bxg7 28.
Rxg7 Kd7 29. Rcg1 h3 30. Nxd5 exd5 31. Qf5+ Qe6 32. Rxf7+ Kd6 33. Qf4+ Kc6 34.
e4 Qd6 35. exd5+ Kb6 36. Rgg7 Rb8 37. Qc1 Qh2+ 38. Kf1 Nd2+ 39. Ke1 Re8+ 40.
Kd1 Qe2+ 41. Kc2 Nc4+ 42. Kb1 Qd3+ 43. Ka1 Qxd4+ 44. Kb1 Na3+ 45. Qxa3 0-1

[Event "USCL Seattle vs Chicago"]
[Site "Internet Chess Club"]
[Date "2010.08.23"]
[Round "1"]
[White "Sinanan, Joshua"]
[Black "Young, Angelo"]
[Result "1/2-1/2"]
[WhiteElo "2267"]
[BlackElo "2415"]
[PlyCount "40"]
[EventDate "2010.??.??"]

1. d4 Nf6 2. c4 g6 3. g3 Bg7 4. Bg2 O-O 5. Nc3 c6 6. Nf3 d5 7. O-O dxc4 8. a4
Na6 9. a5 Nd5 10. Qa4 Ndb4 11. Na2 c5 12. Nxb4 cxb4 13. Qb5 Qc7 14. Ne5 Bxe5
15. dxe5 Rb8 16. Be3 Bd7 17. Qd5 Be6 18. Qb5 Bd7 19. Qd5 Be6 20. Qb5 Bd7
1/2-1/2

[Event "USCL Seattle vs Chicago"]
[Site "Internet Chess Club"]
[Date "2010.08.23"]
[Round "1"]
[White "Felecan, Florin"]
[Black "Lee, Michael"]
[Result "1-0"]
[WhiteElo "2415"]
[BlackElo "2440"]
[PlyCount "55"]
[EventDate "2010.??.??"]

1. e4 c5 2. Nf3 Nc6 3. Nc3 g6 4. Bb5 Bg7 5. Bxc6 dxc6 6. d3 Nf6 7. h3 O-O 8.
Be3 b6 9. Qd2 Re8 10. O-O-O e5 11. g4 Ba6 12. Bh6 c4 13. Bxg7 Kxg7 14. dxc4 Qe7
15. b3 Rad8 16. Qe3 h5 17. Rxd8 Rxd8 18. Qg5 Re8 19. Rg1 hxg4 20. hxg4 Qa3+ 21.
Kb1 Qb4 22. Rh1 Nxg4 23. Qxg4 Qxc3 24. Ng5 Rd8 25. Qh4 Qd2 26. Qh7+ Kf6 27.
Qxf7+ Kxg5 28. Rg1+ 1-0

[Event "USCL St. Louis vs Los Angeles"]
[Site "Internet Chess Club"]
[Date "2010.08.23"]
[Round "1"]
[White "Gupta, Ankit"]
[Black "Finegold, Spencer"]
[Result "1-0"]
[WhiteElo "2290"]
[BlackElo "1991"]
[PlyCount "95"]
[EventDate "2010.??.??"]

1. e4 e5 2. Nf3 Nc6 3. Nc3 Nf6 4. d4 exd4 5. Nxd4 Bb4 6. Nxc6 bxc6 7. Bd3 O-O
8. O-O d5 9. exd5 cxd5 10. Bg5 c6 11. Qf3 Be7 12. h3 Rb8 13. Rab1 Be6 14. Ne2
c5 15. c3 Nd7 16. Bxe7 Qxe7 17. Qg3 Rb6 18. Nf4 Rfb8 19. b3 Qf6 20. Rfe1 h6 21.
h4 Kh8 22. Bc2 g6 23. h5 g5 24. Nxd5 Bxd5 25. Qd3 Nf8 26. Qxd5 Qxc3 27. Bf5 Qd4
28. Qxd4+ cxd4 29. Rbd1 Rd8 30. Re7 Rf6 31. Bd3 a6 32. Ra7 Rdd6 33. Bc4 Kg7 34.
Re7 Ne6 35. g3 Kf8 36. Ra7 Nc5 37. Ra8+ Ke7 38. Rc8 Rf5 39. b4 Na4 40. Bb3 Nc3
41. Rc7+ Rd7 42. Rxd7+ Kxd7 43. Rxd4+ Ke7 44. Rc4 Ne2+ 45. Kg2 Kd6 46. Bd1 Re5
47. Kf1 Ng1 48. Rd4+ 1-0

[Event "USCL Seattle vs Chicago"]
[Site "Internet Chess Club"]
[Date "2010.08.23"]
[Round "1"]
[White "Rosen, Eric"]
[Black "Guo, Alex"]
[Result "0-1"]
[WhiteElo "2227"]
[BlackElo "2116"]
[PlyCount "108"]
[EventDate "2010.??.??"]

1. e4 e6 2. d4 d5 3. Nd2 Nf6 4. e5 Nfd7 5. f4 c5 6. c3 cxd4 7. cxd4 Nc6 8. Ndf3
Nb6 9. Bd3 Bd7 10. a3 a5 11. Ne2 a4 12. Bd2 h5 13. O-O g6 14. h3 h4 15. Qe1 Be7
16. Kh2 Nc4 17. Bxc4 dxc4 18. Nc3 Ra5 19. Be3 Rd5 20. f5 gxf5 21. Nxd5 exd5 22.
Bf4 Be6 23. Rg1 b5 24. g3 Qb6 25. Qf2 hxg3+ 26. Rxg3 b4 27. axb4 Nxb4 28. Rxa4
Nd3 29. Qd2 Bb4 30. Qe3 Kd7 31. Rg2 Be7 32. Ne1 Nxf4 33. Qxf4 Rh4 34. Qf2 f4
35. Ra3 Bxh3 36. Rxh3 Rxh3+ 37. Kxh3 Qh6+ 38. Kg4 Qg6+ 39. Kf3 Qe4+ 40. Kg4 f3+
41. Kh3 Qh7+ 42. Kg4 Qg6+ 43. Kh3 Qh5+ 44. Kg3 Qh4+ 45. Kxf3 Qe4+ 46. Kg3 Bh4+
47. Kh3 Bxf2 48. Rxf2 Qxe1 49. Rxf7+ Ke8 50. Rf4 Qe2 51. Kh4 Qxb2 52. Kg5 Qd2
53. Kf5 c3 54. Rg4 Qd3+ 0-1

[Event "USCL St. Louis vs Los Angeles"]
[Site "Internet Chess Club"]
[Date "2010.08.23"]
[Round "1"]
[White "Kretchetov, Alexandre"]
[Black "Finegold, Ben"]
[Result "1/2-1/2"]
[WhiteElo "2376"]
[BlackElo "2589"]
[PlyCount "91"]
[EventDate "2010.??.??"]

1. d4 Nf6 2. Nf3 c5 3. c4 cxd4 4. Nxd4 b6 5. f3 Bb7 6. e4 d6 7. Be2 e6 8. O-O
Be7 9. Be3 O-O 10. Nc3 a6 11. Qd2 Nbd7 12. Rfd1 Qb8 13. Kh1 Re8 14. Bf1 Bd8 15.
Bg1 Bc7 16. b4 Ne5 17. Rab1 Rd8 18. Qc2 Qc8 19. Nb3 Rb8 20. Rbc1 Rd7 21. Na4
Qd8 22. c5 bxc5 23. bxc5 d5 24. c6 Nxc6 25. Nac5 Rd6 26. Nxb7 Rxb7 27. Nc5 Ra7
28. Nxe6 Rxe6 29. Bxa7 Bf4 30. exd5 Nxd5 31. Bg1 Bxc1 32. Qxc1 Nce7 33. Qa3 Qc8
34. Bc5 h6 35. Kg1 Qc7 36. g3 Rc6 37. Bf2 a5 38. Qd3 Rc2 39. Qe4 Rxa2 40. Rxd5
Nxd5 41. Qxd5 Ra1 42. Kg2 Qe7 43. Bc5 Qe8 44. Bc4 a4 45. Qd4 Rc1 46. Bd3
1/2-1/2

[Event "USCL St. Louis vs Los Angeles"]
[Site "Internet Chess Club"]
[Date "2010.08.23"]
[Round "1"]
[White "Brooks, Michael"]
[Black "Banawa, Joel"]
[Result "0-1"]
[WhiteElo "2411"]
[BlackElo "2416"]
[PlyCount "112"]
[EventDate "2010.??.??"]

1. e4 c5 2. Nf3 e6 3. d4 cxd4 4. Nxd4 Nf6 5. Nc3 Nc6 6. Ndb5 Bc5 7. Nd6+ Ke7 8.
Bf4 e5 9. Nf5+ Kf8 10. Be3 Bb4 11. Nd6 Qe7 12. Nf5 Qd8 13. a3 Bxc3+ 14. bxc3 d5
15. exd5 Qxd5 16. Nd6 b6 17. Be2 Ke7 18. Nb5 Bf5 19. c4 Qxd1+ 20. Rxd1 Bxc2 21.
Rc1 Be4 22. O-O Na5 23. f4 exf4 24. Bxf4 Rhd8 25. Rce1 Kf8 26. Nd6 Bc6 27. Be5
Rd7 28. Nf5 Ne8 29. Nd4 Bb7 30. Bg4 Re7 31. Nf5 Re6 32. Nd4 Rg6 33. Bf3 Bxf3
34. Nxf3 Nxc4 35. Bc3 a5 36. a4 h6 37. Nh4 Rc6 38. Rf3 f6 39. Ng6+ Kf7 40. Rg3
Rc7 41. Nf4 Re7 42. Rxe7+ Kxe7 43. Rd3 Ra7 44. Rd4 Ned6 45. h3 Kd7 46. Be1 Kc6
47. Nd5 Ne5 48. Nc3 Ndc4 49. Rd8 Rd7 50. Rg8 Nd3 51. Bg3 Kc5 52. Nb5 Kb4 53.
Nc7 f5 54. Ne6 g5 55. Bc7 Kxa4 56. Rg6 b5 0-1

[Event "USCL Manhattan vs Carolina"]
[Site "Internet Chess Club"]
[Date "2010.08.25"]
[Round "1"]
[White "Bapat, Udayan"]
[Black "Black, James"]
[Result "0-1"]
[WhiteElo "2214"]
[BlackElo "2102"]
[PlyCount "74"]
[EventDate "2010.??.??"]

1. e4 c5 2. Nf3 e6 3. c3 Nf6 4. e5 Nd5 5. d4 cxd4 6. cxd4 d6 7. Nc3 Nc6 8. exd6
Bxd6 9. Bd3 O-O 10. O-O Be7 11. Re1 Bf6 12. Be4 Nce7 13. Qb3 Qd6 14. Ne5 Nxc3
15. bxc3 Bxe5 16. dxe5 Qc7 17. Ba3 Re8 18. Bd6 Qb6 19. Qa4 Qd8 20. Rad1 Bd7 21.
Qc2 Bc6 22. Bxh7+ Kh8 23. Be4 Rc8 24. Qe2 Bxe4 25. Qxe4 Nd5 26. Rd3 g6 27. c4
Nb6 28. Qxb7 Kg7 29. c5 Nd5 30. Qxa7 Qg5 31. Qa3 Rh8 32. Qc1 Nf4 33. Rg3 Ne2+
34. Kf1 Qxc1 35. Rxc1 Nxc1 36. a4 Rxh2 37. Kg1 Rch8 0-1

[Event "USCL Manhattan vs Carolina"]
[Site "Internet Chess Club"]
[Date "2010.08.25"]
[Round "1"]
[White "Schneider, Dmitry"]
[Black "Schroer, Jonathan"]
[Result "1/2-1/2"]
[WhiteElo "2520"]
[BlackElo "2437"]
[PlyCount "88"]
[EventDate "2010.??.??"]

1. e4 c6 2. d4 d5 3. exd5 cxd5 4. c4 Nf6 5. Nc3 Nc6 6. Nf3 Bg4 7. cxd5 Nxd5 8.
Qb3 Bxf3 9. gxf3 e6 10. Qxb7 Nxd4 11. Bb5+ Nxb5 12. Qc6+ Ke7 13. Qxb5 Qd7 14.
Nxd5+ Qxd5 15. Qxd5 exd5 16. Be3 Ke6 17. O-O-O Bb4 18. Rhg1 g6 19. Bd4 f6 20.
Kb1 Rhc8 21. Rd3 a5 22. Rgd1 a4 23. a3 Bc5 24. Be3 Bxe3 25. Rxe3+ Kd6 26. Rde1
d4 27. Re6+ Kd5 28. Rxf6 Rf8 29. Rfe6 Rxf3 30. R1e5+ Kc4 31. Rc6+ Kd3 32. Rc2
Raf8 33. Ree2 g5 34. Red2+ Ke4 35. Rc4 Rd3 36. Re2+ Kf3 37. Re5 Rd1+ 38. Kc2
Rf1 39. Rxg5 Rxf2+ 40. Kd3 Rxb2 41. Rg3+ Kf2 42. Kxd4 Rf4+ 43. Kc5 Rxc4+ 44.
Kxc4 Rb7 1/2-1/2

[Event "USCL Manhattan vs Carolina"]
[Site "Internet Chess Club"]
[Date "2010.08.25"]
[Round "1"]
[White "Braylovsky, Gregory"]
[Black "Jones, Craig"]
[Result "0-1"]
[WhiteElo "2434"]
[BlackElo "2286"]
[PlyCount "76"]
[EventDate "2010.??.??"]

1. Nf3 Nf6 2. d4 e6 3. Bg5 c5 4. e3 h6 5. Bxf6 Qxf6 6. Nbd2 d5 7. Ne5 Bd6 8.
Bb5+ Kf8 9. Ndf3 g6 10. c3 Kg7 11. h4 a6 12. Bd3 Nd7 13. Ng4 Qe7 14. h5 f5 15.
Nge5 Bxe5 16. Nxe5 Nxe5 17. dxe5 g5 18. g4 d4 19. Qd2 Rd8 20. O-O-O b5 21. Rhg1
c4 22. Bf1 d3 23. f4 Bb7 24. Bg2 Rab8 25. gxf5 exf5 26. fxg5 hxg5 27. Bxb7 Rxb7
28. e4 Kh6 29. exf5 b4 30. cxb4 a5 31. Rde1 Rg8 32. f6 Qe6 33. b5 c3 34. bxc3
Qc4 35. e6 Qxb5 36. Qg2 d2+ 37. Kxd2 Rd8+ 38. Ke3 Qd3+ 0-1

[Event "USCL New England vs Baltimore"]
[Site "Internet Chess Club"]
[Date "2010.08.25"]
[Round "1"]
[White "Hungaski, Robert"]
[Black "Enkhbat, Tegshsuren"]
[Result "1-0"]
[WhiteElo "2520"]
[BlackElo "2425"]
[PlyCount "75"]
[EventDate "2010.??.??"]

1. d4 d5 2. c4 c6 3. Nf3 Nf6 4. Nc3 a6 5. e3 b5 6. c5 Nbd7 7. b4 a5 8. bxa5 b4
9. Nb1 Qxa5 10. Bd2 Ne4 11. a3 Nxd2 12. Nfxd2 e5 13. Be2 Qc7 14. a4 Be7 15. Nb3
exd4 16. exd4 O-O 17. O-O Nf6 18. N1d2 Ne4 19. Nxe4 dxe4 20. Bc4 Bf5 21. a5 Bf6
22. Ra4 Rfd8 23. Qd2 Kf8 24. Rxb4 Rxa5 25. Nxa5 Qxa5 26. Rd1 Qc7 27. Qe3 g5 28.
h3 Bg6 29. d5 Qa5 30. Rbb1 cxd5 31. Rxd5 Rc8 32. c6 Qa4 33. Bb5 Qa2 34. Rbd1 h6
35. Rd6 Qb2 36. Ba6 Rc7 37. Bb7 Bf5 38. Qc5 1-0

[Event "USCL New England vs Baltimore"]
[Site "Internet Chess Club"]
[Date "2010.08.25"]
[Round "1"]
[White "Schoch, Ian"]
[Black "Chase, Christopher"]
[Result "1-0"]
[WhiteElo "2245"]
[BlackElo "2382"]
[PlyCount "83"]
[EventDate "2010.??.??"]

1. d4 g6 2. e4 Bg7 3. Nc3 d6 4. f4 Nf6 5. Bd3 O-O 6. Nf3 Bg4 7. Be3 Nc6 8. Qd2
Bxf3 9. gxf3 e6 10. O-O-O d5 11. e5 Nh5 12. Ne2 Bh6 13. Rdg1 Qh4 14. Rg4 Qe7
15. c3 f5 16. Rg2 Qh4 17. Rhg1 a5 18. Kb1 a4 19. c4 dxc4 20. Bxc4 Qe7 21. Nc3
Rfd8 22. Qd3 Kh8 23. Rxg6 hxg6 24. Rxg6 Qh7 25. Rxe6 Nxf4 26. Bxf4 Bxf4 27. Nd5
Qxh2 28. a3 Qg1+ 29. Ka2 Qxd4 30. Qf1 Bg5 31. f4 Na5 32. Qh3+ Kg7 33. Ne3 Rf8
34. fxg5 Nxc4 35. Re7+ Rf7 36. Nxf5+ Kg6 37. Nxd4 Rxe7 38. Qh6+ Kf7 39. g6+ Kg8
40. Nf5 Rae8 41. Nxe7+ Rxe7 42. g7 1-0

[Event "USCL San Francisco vs Dallas"]
[Site "Internet Chess Club"]
[Date "2010.08.25"]
[Round "1"]
[White "Zierk, Steven"]
[Black "Kiewra, Keaton"]
[Result "1/2-1/2"]
[WhiteElo "2426"]
[BlackElo "2361"]
[PlyCount "82"]
[EventDate "2010.??.??"]

1. e4 c5 2. Nf3 e6 3. d3 Nc6 4. g3 g6 5. Bg2 Bg7 6. O-O Nge7 7. Nbd2 O-O 8. Re1
d5 9. c3 b5 10. h4 b4 11. c4 dxc4 12. dxc4 e5 13. Nb3 Qxd1 14. Rxd1 Bg4 15.
Nxc5 Nd4 16. Nxd4 Bxd1 17. Bg5 exd4 18. Rxd1 Rfe8 19. Nd7 Rac8 20. b3 Rc6 21.
e5 Ra6 22. Rd2 h6 23. Bb7 hxg5 24. Bxa6 gxh4 25. Bb5 Rd8 26. g4 g5 27. Rxd4 Ng6
28. Re4 Nf4 29. c5 Nd5 30. Rc4 Nc3 31. Bc6 a5 32. a3 bxa3 33. Rxc3 Bxe5 34. Rc1
Bb2 35. Re1 a2 36. Bb5 a1=Q 37. Rxa1 Bxa1 38. c6 Rc8 39. Nb6 Rc7 40. Nd5 Be5
41. Nxc7 Bxc7 1/2-1/2

[Event "USCL Manhattan vs Carolina"]
[Site "Internet Chess Club"]
[Date "2010.08.25"]
[Round "1"]
[White "Simpson, Ron"]
[Black "Vovsha, Eli"]
[Result "0-1"]
[WhiteElo "2330"]
[BlackElo "2539"]
[PlyCount "125"]
[EventDate "2010.??.??"]

1. d4 Nf6 2. Nf3 g6 3. c4 Bg7 4. Nc3 d5 5. cxd5 Nxd5 6. e4 Nxc3 7. bxc3 c5 8.
Bb5+ Bd7 9. Be2 O-O 10. O-O Qa5 11. Be3 Qxc3 12. Rc1 Qa3 13. Rxc5 Na6 14. Bc1
Qxa2 15. Bc4 Qa1 16. Re5 e6 17. Qb3 Qa4 18. Qxa4 Bxa4 19. Ra5 Bc2 20. Re1 Rfc8
21. Bxa6 bxa6 22. Ba3 Bd3 23. Bc5 f6 24. g4 Bb5 25. g5 fxg5 26. Nxg5 e5 27. Ne6
Bh6 28. f4 exd4 29. Bxd4 Rc6 30. Ng5 Bf8 31. Ra2 Bb4 32. Rb1 a5 33. e5 Rf8 34.
Be3 h6 35. Nf3 Rc3 36. Kf2 Bd3 37. Rbb2 Bc4 38. Ra4 g5 39. Bd4 Rd3 40. Be3 Bd5
41. Ke2 Rc3 42. Nd2 gxf4 43. Bxa7 Rh3 44. Nf1 Bb3 45. Ra1 Bc4+ 46. Kf2 Bc3 47.
Ra3 Be1+ 48. Kxe1 Rxa3 49. Nd2 Bd5 50. Bc5 Ra1+ 51. Ke2 f3+ 52. Ke3 Re1+ 53.
Kd4 Rf5 54. Bd6 Bf7 55. Rb8+ Kh7 56. Nxf3 Rxf3 57. Rb7 Kg6 58. Ra7 a4 59. Ra6
Kf5 60. Bb8 Be6 61. h4 Rd1+ 62. Kc5 Rc3+ 63. Kb6 0-1

[Event "USCL San Francisco vs Dallas"]
[Site "Internet Chess Club"]
[Date "2010.08.25"]
[Round "1"]
[White "Lopez, Nelson"]
[Black "Lee, Andy"]
[Result "0-1"]
[WhiteElo "2229"]
[BlackElo "2347"]
[PlyCount "50"]
[EventDate "2010.??.??"]

1. e4 e5 2. f4 Bc5 3. Nf3 d6 4. c3 Bb6 5. d4 exd4 6. cxd4 Bg4 7. Be2 d5 8. Nc3
Ne7 9. exd5 O-O 10. Qb3 Nf5 11. Ne5 Nxd4 12. Qd1 Bf5 13. Bd3 Re8 14. Kf1 Qh4
15. Be3 f6 16. Bxf5 Nxf5 17. Bxb6 axb6 18. Qd3 Qxf4+ 19. Nf3 Nd7 20. Ne2 Qg4
21. Kf2 Nc5 22. Qb5 Ne4+ 23. Kg1 Ned6 24. Qd3 Re3 25. h3 Qxf3 0-1

[Event "USCL San Francisco vs Dallas"]
[Site "Internet Chess Club"]
[Date "2010.08.25"]
[Round "1"]
[White "Bercys, Salvijus"]
[Black "Naroditsky, Daniel"]
[Result "0-1"]
[WhiteElo "2467"]
[BlackElo "2453"]
[PlyCount "78"]
[EventDate "2010.??.??"]

1. d4 Nf6 2. Nf3 g6 3. c4 Bg7 4. Nc3 d6 5. e4 O-O 6. Be2 e5 7. Be3 Nbd7 8. d5
Ng4 9. Bg5 f6 10. Bd2 Nh6 11. Qc1 Nf7 12. Qc2 a5 13. g4 Nc5 14. Rg1 Bh6 15. Be3
Bd7 16. h4 Bxe3 17. fxe3 Nh6 18. Nh2 f5 19. g5 Ng4 20. Bxg4 fxg4 21. O-O-O Qe7
22. Qe2 Rf7 23. Nxg4 Bxg4 24. Qxg4 Qd7 25. Qxd7 Nxd7 26. Rg4 Nc5 27. Rd2 Raf8
28. Nb5 Rf1+ 29. Kc2 Ra1 30. Nc3 Re1 31. Re2 Rxe2+ 32. Nxe2 Rf2 33. Kd2 Rh2 34.
b3 Kg7 35. a3 Nxb3+ 36. Kc3 a4 37. Ng1 Nc5 38. Nf3 Ra2 39. Nd2 Rxa3+ 0-1

[Event "USCL Miami vs Arizona"]
[Site "Internet Chess Club"]
[Date "2010.08.25"]
[Round "1"]
[White "Rodriguez, Eric"]
[Black "Rensch, Danny"]
[Result "0-1"]
[WhiteElo "2382"]
[BlackElo "2471"]
[PlyCount "86"]
[EventDate "2010.??.??"]

1. d4 Nf6 2. c4 e6 3. Nf3 d5 4. g3 dxc4 5. Bg2 b5 6. a4 c6 7. O-O Bb7 8. Ne5
Nd5 9. b3 cxb3 10. Qxb3 b4 11. a5 Be7 12. Bd2 Ba6 13. Re1 O-O 14. e4 Nf6 15.
Bxb4 Qxd4 16. Bxe7 Qxa1 17. Bxf8 Qxe5 18. Qa3 Nbd7 19. Bd6 Qd4 20. Nc3 Ng4 21.
Nd1 Nde5 22. h3 Nc4 23. Qc3 Qxd6 24. hxg4 e5 25. Bf1 Qd4 26. Bxc4 Bxc4 27. Qb4
Bb5 28. Qb1 Rd8 29. Ne3 Bd3 30. Qc1 g6 31. Qxc6 Bxe4 32. Qc7 Rd7 33. Qc8+ Kg7
34. g5 Bb7 35. Qc2 Qb4 36. Ra1 Rd2 37. Qb1 Rb2 38. Qf1 Qe4 39. Qh3 Rxf2 40. Rd1
h5 41. gxh6+ Kh7 42. Rf1 Rxf1+ 43. Nxf1 Qd4+ 0-1

[Event "USCL Miami vs Arizona"]
[Site "Internet Chess Club"]
[Date "2010.08.25"]
[Round "1"]
[White "Gurczak, John"]
[Black "Galofre, Charles"]
[Result "1/2-1/2"]
[WhiteElo "2139"]
[BlackElo "2316"]
[PlyCount "100"]
[EventDate "2010.??.??"]

1. d4 d5 2. c4 c6 3. cxd5 cxd5 4. Nc3 Nf6 5. Bg5 Ne4 6. Nxe4 dxe4 7. a3 Qd5 8.
Bh4 e3 9. fxe3 Nc6 10. Nf3 Bf5 11. Rc1 e6 12. Rg1 h5 13. Rc3 Bd6 14. Bg3 Bxg3+
15. hxg3 Qd6 16. Kf2 Rh6 17. Qa4 Kf8 18. Qb5 Rg6 19. Qc5 Rd8 20. Nd2 e5 21. d5
Qxc5 22. Rxc5 Ne7 23. e4 Bg4 24. e3 Nc8 25. Bd3 Rf6+ 26. Ke1 Rb6 27. b4 Nd6 28.
Nc4 Nxc4 29. Bxc4 Ke7 30. Be2 Rg6 31. Bxg4 Rxg4 32. Kf2 Rxe4 33. Rc7+ Rd7 34.
Rgc1 Kd6 35. Rxd7+ Kxd7 36. Kf3 f5 37. Rh1 g6 38. Rc1 Rg4 39. Rc5 e4+ 40. Kf2
h4 41. gxh4 Rxh4 42. Rb5 b6 43. a4 Rh8 44. Kg3 g5 45. a5 Rb8 46. d6 Ke6 47. d7
Rf8 48. axb6 axb6 49. Rxb6+ Kxd7 50. Rg6 f4+ 1/2-1/2

[Event "USCL New Jersey vs New York"]
[Site "Internet Chess Club"]
[Date "2010.08.30"]
[Round "2"]
[White "Lenderman, Alex"]
[Black "Ippolito, Dean"]
[Result "1/2-1/2"]
[WhiteElo "2608"]
[BlackElo "2526"]
[PlyCount "48"]
[EventDate "2010.??.??"]

1. d4 Nf6 2. c4 e6 3. Nf3 d5 4. g3 dxc4 5. Bg2 c5 6. O-O Nc6 7. dxc5 Qxd1 8.
Rxd1 Bxc5 9. Nbd2 c3 10. bxc3 O-O 11. Nb3 Be7 12. Nfd4 Bd7 13. Nxc6 Bxc6 14.
Bxc6 bxc6 15. Na5 Rfc8 16. Bg5 Bd8 17. Nc4 Ne4 18. Bxd8 Rxd8 19. Rxd8+ Rxd8 20.
Rc1 Rd5 21. Rc2 Kf8 22. Nb2 Ra5 23. Nd3 Ra3 24. c4 f6 1/2-1/2

[Event "USCL New Jersey vs New York"]
[Site "Internet Chess Club"]
[Date "2010.08.30"]
[Round "2"]
[White "Gulko, Boris"]
[Black "Kacheishvili, Giorgi"]
[Result "1-0"]
[WhiteElo "2587"]
[BlackElo "2619"]
[PlyCount "63"]
[EventDate "2010.??.??"]

1. d4 Nf6 2. c4 e6 3. Nc3 Bb4 4. e3 O-O 5. Bd3 c5 6. Nf3 d5 7. O-O cxd4 8. exd4
dxc4 9. Bxc4 b6 10. Bg5 Bb7 11. Re1 Nc6 12. a3 Be7 13. Qd3 h6 14. Bf4 Bd6 15.
Bd2 Rc8 16. Rad1 Rc7 17. d5 exd5 18. Nxd5 Nxd5 19. Bxd5 Ne7 20. Be4 Bxe4 21.
Qxe4 Rd7 22. Bc3 Ng6 23. Qg4 Kh7 24. g3 f5 25. Qa4 f4 26. Re6 fxg3 27. Qe4
gxf2+ 28. Kf1 Bc5 29. Rd2 Rff7 30. Qxg6+ Kg8 31. Bxg7 Rxg7 32. Re8+ 1-0

[Event "USCL Carolina vs New England"]
[Site "Internet Chess Club"]
[Date "2010.08.30"]
[Round "2"]
[White "Schroer, Jonathan"]
[Black "Hungaski, Robert"]
[Result "1/2-1/2"]
[WhiteElo "2437"]
[BlackElo "2520"]
[PlyCount "60"]
[EventDate "2010.??.??"]

1. d4 d5 2. c4 dxc4 3. Nf3 Nf6 4. e3 Bg4 5. Bxc4 e6 6. h3 Bh5 7. Nc3 Nc6 8. Bb5
Bd6 9. e4 Nd7 10. g4 Bg6 11. e5 Bb4 12. Bg5 Ne7 13. O-O c6 14. Bd3 Qa5 15. Bxg6
Nxg6 16. Ne4 Qd5 17. Qc2 h6 18. Be3 Be7 19. a3 O-O 20. Rad1 f5 21. exf6 Nxf6
22. Ned2 Ne4 23. Nxe4 Rxf3 24. Nc3 Qd6 25. Qxg6 Rg3+ 26. fxg3 Qxg3+ 27. Kh1
Qxh3+ 28. Kg1 Qg3+ 29. Kh1 Qh3+ 30. Kg1 Qg3+ 1/2-1/2

[Event "USCL New Jersey vs New York"]
[Site "Internet Chess Club"]
[Date "2010.08.30"]
[Round "2"]
[White "Ostrovskiy, Aleksandr"]
[Black "Shen, Arthur"]
[Result "1-0"]
[WhiteElo "2289"]
[BlackElo "2220"]
[PlyCount "115"]
[EventDate "2010.??.??"]

1. e4 c5 2. Nf3 d6 3. d4 cxd4 4. Nxd4 Nf6 5. Nc3 a6 6. Be3 e5 7. Nde2 Be7 8.
Ng3 Be6 9. Be2 O-O 10. O-O d5 11. exd5 Nxd5 12. Nxd5 Bxd5 13. Nf5 Be6 14. Qxd8
Bxd8 15. Nd6 Bd5 16. Rfd1 Bc6 17. Nc4 Nd7 18. a4 Bc7 19. Bf3 Rad8 20. Bxc6 bxc6
21. a5 f5 22. Bb6 Bxb6 23. axb6 e4 24. Kf1 Nb8 25. Nd6 Rf6 26. Nb7 Rd7 27. Nc5
Rd5 28. b4 Rfd6 29. Rxd5 cxd5 30. b5 Rxb6 31. bxa6 Nxa6 32. Rxa6 Rb2 33. Rd6
Rxc2 34. Rxd5 g6 35. Nb3 Rc3 36. Nd2 Rc7 37. Ke2 Kf7 38. Rd4 Kf6 39. Rc4 Ra7
40. Rc2 Ra6 41. Nc4 h6 42. Ke3 Ra1 43. Kd4 Rg1 44. Ne3 Ra1 45. h4 Ra4+ 46. Rc4
Ra2 47. Rc6+ Kf7 48. Rc2 Ra5 49. Nd5 Ra4+ 50. Ke5 e3 51. Rc7+ Ke8 52. Nxe3 Rxh4
53. Rc4 Rh5 54. Ke6 Kd8 55. Nd5 Rh1 56. Kf6 Rf1 57. Nb6 Rxf2 58. Rc8# 1-0

[Event "USCL Miami vs San Francisco"]
[Site "Internet Chess Club"]
[Date "2010.08.30"]
[Round "2"]
[White "Pruess, David"]
[Black "Gonzalez, Renier"]
[Result "1/2-1/2"]
[WhiteElo "2411"]
[BlackElo "2540"]
[PlyCount "52"]
[EventDate "2010.??.??"]

1. e4 g6 2. d4 Bg7 3. Nf3 c6 4. Be2 d5 5. e5 Na6 6. O-O Nc7 7. Re1 Nh6 8. Nbd2
O-O 9. Nb3 b6 10. Bf4 Ne6 11. Bd2 f6 12. c4 Nf7 13. cxd5 cxd5 14. Bb4 Re8 15.
Rc1 a6 16. Bf1 Bd7 17. Rc3 a5 18. Ba3 f5 19. Nc1 Bh6 20. g3 Rc8 21. Ne2 b5 22.
b4 Rc4 23. Rxc4 bxc4 24. Nc3 axb4 25. Bxb4 Bc6 26. Bg2 Qd7 1/2-1/2